Εισαγωγή στη μεταφυσική

Αποθηκεύτηκε σε:
Λεπτομέρειες βιβλιογραφικής εγγραφής
Κύριος συγγραφέας: Heidegger, Martin, 1889-1976
Άλλοι συγγραφείς: Μαλεβίτσης, Χρήστος Χ., 1927-1997 (Μεταφραστής, Συγγραφέας εισαγωγής κ.λπ.)
Μορφή: Βιβλίο
Γλώσσα:Greek
German
Δημοσίευση: Αθήνα : Δωδώνη, 1973.
Θέματα:
Ετικέτες: Προσθήκη ετικέτας
Δεν υπάρχουν, Καταχωρήστε ετικέτα πρώτοι!

MARC

LEADER 00000cam a2200000 i 4500
001 1/86751
008 051003s1973 gr | ||| |||| ||gre||
035 |l 10080637 
040 |a GR-MY-UA  |b gre  |e aacr 
041 1 |a gre  |h ger 
082 7 |a 110   |2 (22) 
100 1 |a Heidegger, Martin,   |d 1889-1976. 
245 1 0 |a Εισαγωγή στη μεταφυσική /   |c Μάρτιν Χάϊντεγκερ ; εισαγωγή, μετάφραση, επιλεγόμενα: Χρήστου Μαλεβίτση.  
260 |a Αθήνα :   |b Δωδώνη,   |c 1973.  
300 |a 292 σ. ;   |c 22 εκ. 
504 |a Περιέχει βιβλιογραφικές παραπομπές.  
650 0 0 |a Metaphysics. 
700 1 |a Μαλεβίτσης, Χρήστος Χ.,   |d 1927-1997,  |e trl  |e aui 
765 0 8 |i Μετάφραση του:   |t Einfuhrung in die Metaphysik /  
852 |a INST  |b RHODES  |c KRI  |e 20051003  |h  110 ΗΕΙ  |p 005400022348  |q 005400022348  |t BK  |y 0 
901 |a BIBL4-2005-3 
909 |a Ρ  |b 122393 
970 |a ΣΙΔΕΡΗ  |b ΝΕΚΤΑΡΙΑ  |z 2005/10/03